Statistics for All Taylor Swift Songs (albums only)

Click here to take the quiz!

General Stats

  • This quiz has been taken 285 times
    (219 since last reset)
  • The average score is 112 of 187

Answer Stats

Answer% Correct
Ours
90%
Fearless
88%
ME!
88%
Our Song
88%
Tim McGraw
88%
Picture To Burn
87%
Red
87%
All Too Well
83%
Love Story
83%
Speak Now
82%
You Belong With Me
82%
22
81%
Teardrops on My Guitar
81%
Mine
79%
I Knew You Were Trouble
78%
Invisible
78%
Lover
78%
Dear John
77%
Fifteen
77%
Should've Said No
77%
Blank Space
75%
Enchanted
75%
Mr. Perfectly Fine
75%
We Are Never Ever Getting Back Together
75%
Sparks Fly
74%
cardigan
73%
Delicate
73%
Getaway Car
73%
...Ready For It?
73%
Style
73%
Back To December
71%
Cold As You
71%
Look What You Made Me Do
71%
Mean
71%
Welcome To New York
71%
A Place In This World
70%
Long Live
70%
The Way I Loved You
70%
august
69%
Cruel Summer
69%
End Game
69%
Haunted
69%
You Need To Calm Down
69%
New Year's Day
68%
State of Grace
68%
The Archer
68%
White Horse
68%
Wildest Dreams
68%
Clean
66%
Cornelia Street
66%
Dress
66%
evermore
66%
Gorgeous
66%
I Forgot That You Existed
66%
King of My Heart
66%
Shake It Off
66%
the 1
66%
Afterglow
65%
Better Than Revenge
65%
Don't Blame Me
65%
Last Kiss
65%
Stay Beautiful
65%
The Man
65%
This Is Why We Can't Have Nice Things
65%
Wonderland
65%
betty
64%
Call It What You Want
64%
Daylight
64%
I'm Only Me When I'm With You
64%
New Romantics
64%
Soon You'll Get Better
64%
The Outside
64%
willow
64%
Bad Blood
62%
champagne problems
62%
Forever And Always
62%
I Did Something Bad
62%
Out of The Woods
62%
Paper Rings
62%
All You Had To Do Was Stay
61%
Anti-Hero
61%
Hey Stephen
61%
Lavender Haze
61%
Ronan
61%
Superman
61%
The Story of Us
61%
Tied Together With A Smile
61%
Dancing With Our Hands Tied
60%
I Know Places
60%
Innocent
60%
London Boy
60%
So It Goes...
60%
exile
58%
It's Nice To Have A Friend
58%
Jump Then Fall
58%
Karma
58%
Stay Stay Stay
58%
The Other Side Of The Door
58%
A Perfectly Good Heart
57%
Bejeweled
57%
Breathe
57%
Change
57%
Snow on the Beach
57%
Tell Me Why
57%
The Best Day
57%
This Love
57%
You Are In Love
57%
Death By A Thousand Cuts
56%
gold rush
56%
hoax
56%
I Wish You Would
56%
Mastermind
56%
Midnight Rain
56%
Miss Americana & The Heartbreak Prince
56%
peace
56%
seven
56%
the last great American dynasty
56%
Babe
55%
False God
55%
mirrorball
55%
Never Grow Up
55%
How You Get The Girl
53%
invisible string
53%
I Think He Knows
53%
Mary's Song (Oh My My My)
53%
Nothing New
53%
Question...?
53%
tolerate it
53%
Treacherous
53%
You're Not Sorry
53%
Bye Bye Baby
52%
If This Was A Movie
52%
Maroon
52%
the lakes
52%
Come Back...Be Here
51%
I Bet You Think About Me
51%
Labyrinth
51%
mad woman
51%
marjorie
51%
Run
51%
Don't You
49%
Everything Has Changed
49%
my tears ricochet
49%
right where you left me
49%
Starlight
49%
The Very First Night
49%
'tis the damn season
49%
Vigilante Shit
49%
You're on Your Own, Kid
49%
Begin Again
48%
Come In With The Rain
48%
cowboy like me
48%
Forever Winter
48%
Girl At Home
48%
illicit affairs
48%
Message In A Bottle
48%
Paris
48%
The Great War
48%
The Last Time
48%
Untouchable
48%
Glitch
47%
Holy Ground
47%
I Almost Do
47%
no body, no crime
47%
Superstar
47%
Would've Could've Should've
47%
Bigger Than the Whole Sky
45%
dorothea
45%
epiphany
45%
ivy
44%
Sad Beautiful Tragic
44%
That's When
44%
this is me trying
44%
You All Over Me
44%
closure
43%
coney island
43%
it's time to go
43%
Sweet Nothing
43%
Today Was A Fairytale
43%
happiness
42%
Better Man
40%
Dear Reader
40%
We Were Happy
40%
High Infidelity
38%
The Moment I Knew
38%
The Lucky One
36%
long story short
35%

Score Distribution

Percentile by Number Answered

Percent of People with Each Score

Your Score History

You have not taken this quiz since the last reset